La mortalidad de Madrid (Record no. 154650)

MARC details
000 -LEADER
campo de control de longitud fija 00939nam a2200205 i 4500
001 - NÚMERO DE CONTROL
campo de control 154650
003 - IDENTIFICADOR DE NÚMERO DE CONTROL
campo de control ES-MaACL
005 - FECHA Y HORA DE LA ÚLTIMA TRANSACCIÓN
campo de control 20230906205817.0
008 - DATOS DE LONGITUD FIJA--INFORMACIÓN GENERAL
campo de control de longitud fija 980609s1885 sp |||| | spa d
100 1# - ENTRADA PRINCIPAL--NOMBRE DE PERSONA
Nombre de persona Gordillo Lozano, Gaspar.
9 (RLIN) 127474
245 13 - MENCIÓN DEL TÍTULO
Título La mortalidad de Madrid
Resto del título : colección de artículos publicados sobre dicho tema /
Mención de responsabilidad, etc. por Gaspar Gordillo Lozano.
260 ## - PUBLICACIÓN, DISTRIBUCIÓN, ETC.
Lugar de publicación, distribución, etc. Madrid :
Nombre del editor, distribuidor, etc. [s.n.],
Fecha de publicación, distribución, etc. 1885 (
Fabricante Imp. de F. Maroto e Hijos)
300 ## - DESCRIPCIÓN FÍSICA
Extensión 176 p. ;
Dimensiones 18 cm.
530 ## - NOTA DISPONIBLE DE FORMULARIO FÍSICO ADICIONAL
Nota de formato físico adicional disponible Disponible en formato digital.
650 #4 - PUNTO DE ACCESO ADICIONAL DE MATERIA--TÉRMINO DE MATERIA
Término de materia o nombre geográfico como elemento de entrada Mortalidad-
Subdivisión geográfica Madrid.
9 (RLIN) 139257
852 ## - LOCALIZACIÓN
Ubicación ES-MaACL
Número de control de estantería D-2404
852 ## - LOCALIZACIÓN
Ubicación ES-MaACL
Número de control de estantería T-401-F-3
Nota libre - Enc. hol., falto de cub. original
-- . - An. ms.: Donativo del autor [al Ateneo de Madrid]
-- - Enc. en un vol. facticio
852 ## - LOCALIZACIÓN
Ubicación ES-MaACL
Número de control de estantería T-401-F-5
856 ## - LOCALIZACIÓN Y ACCESO ELECTRÓNICOS
Identificador Uniforme de Recursos <a href="http://bibliotecadigitalhispanica.bne.es:80/webclient/DeliveryManager?pid=1835595&custom_att_2=simple_viewer">http://bibliotecadigitalhispanica.bne.es:80/webclient/DeliveryManager?pid=1835595&custom_att_2=simple_viewer</a>
Nota pública Biblioteca Digital Hispánica
Holdings
Estatus retirado Estado de pérdida Estado de daño No para préstamo Colección Biblioteca de origen Biblioteca actual Ubicación en estantería Fecha de adquisición Fuente de adquisición Total de préstamos Signatura topográfica completa Código de barras Visto por última vez Precio de reemplazo Tipo de ítem Koha
        Colección de folletos Biblioteca del Ateneo de Madrid Biblioteca del Ateneo de Madrid Depósito folletos 06/03/2012     T-401-F-5 1189039 23/02/2023 23/02/2023 Folleto
        Colección digital Biblioteca del Ateneo de Madrid Biblioteca del Ateneo de Madrid Sala Valle Inclán 17/01/2008     D-2404 901161750 23/02/2023 23/02/2023 Libro impreso antiguo
        Colección de folletos Biblioteca del Ateneo de Madrid Biblioteca del Ateneo de Madrid Depósito folletos 17/01/2008     T-401-F-3 1161751 23/02/2023 23/02/2023 Folleto